000 00535cam a2200181ua 4500
001 1875
008 110811n ii |||gr||||Z||||||asm
040 _cMAIN
082 _a370.54
100 _aGoswami, A. C.,
_eAuthor.
245 1 _aPhilosophcal and sociological bases of education in emerging india
_cby A. C. Goswami
250 _a2nd.
260 _aGuahati:
_bJyoti prakashan,
_c2001.
300 _a319p:
_c23cm.
653 _aEducation
653 _aPhilosophcal and sociological bases of education in emerging india
942 _cBK
999 _c1754
_d1754